El tiempo /
保存先:
| 第一著者: | |
|---|---|
| その他の著者: | |
| フォーマット: | 図書 |
| 言語: | スペイン語 |
| 出版事項: |
Buenos Aires, Argentina :
El Cuenco de Plata,
2016, c2016
|
| シリーズ: | (El Cuenco de Plata Latinoamericana)
|
| 主題: | |
| タグ: |
タグなし, このレコードへの初めてのタグを付けませんか!
|
MARC
| LEADER | 00000nam^a2200000^a^4500 | ||
|---|---|---|---|
| 001 | 000424636 | ||
| 005 | 20250521000000.0 | ||
| 009 | 20260526144448.489 | ||
| 020 | |a 978-987-3743-47-4 | ||
| 037 | |a Acervo ITESO - Biblioteca | ||
| 041 | |a ESP | ||
| 082 | |a 869. |b LIS | ||
| 100 | |a Lispector, Clarice |e (autor) | ||
| 245 | 1 | 3 | |a El tiempo / |c C. Lispector ; comp. de R. Corrêa dos Santos ; tr. por Teresa Arijón, Bárbara Belloc. |
| 264 | 4 | |a Buenos Aires, Argentina : |b El Cuenco de Plata, |c 2016, c2016 | |
| 300 | |a 248 p. | ||
| 336 | |a texto |b txt |2 rdacontenido | ||
| 337 | |a sin mediación |b n |2 rdamedio | ||
| 338 | |a volumen |b nc |2 rdasoporte | ||
| 440 | 4 | |a (El Cuenco de Plata Latinoamericana) | |
| 500 | |a Traducción de: O tempo | ||
| 521 | |a FIL 2019 DIA | ||
| 545 | 0 | |a La brasileña Clarice Lispector (Ucrania, 1920-Río de Janeiro, 1977), estudió Derecho en Río de Janeiro, aunque su vocación literaria se manifestó prácticamente desde la adolescencia. Obtuvo con su primer libro, Cerca del corazón salvaje (1943), el Premio Graça Aranha de ese año. Introductora de la línea introspectiva en la narrativa brasileña, usó en su escritura el fluir de conciencia, incluso antes de saber de James Joyce y Virginia Woolf. Preocupada por los límites de la palabra y por atrapar el misterio y lo inaprehensible, se mueve en una temática marcadamente intimisma y feminista. Lazos de familia (1960), La manzana en la oscuridad 1961), La pasión según G.H. (1963), Aprendizaje o el libro de los placeres (1969), Felicidad clandestina (1971) y La hora de la estrella (1977), son algunos de sus textos. | |
| 649 | |a XX | ||
| 650 | |a Aforismos Brasileños | ||
| 650 | |a Textos Breves Brasileños | ||
| 650 | |a Literatura Brasileña - |y Siglo XX | ||
| 650 | |a Literatura de Mujeres - |z Brasil | ||
| 700 | |a Corrêa dos Santos, Roberto |e (compilación) | ||
| 910 | |a Fondo General | ||
| 920 | |a Impresos - Libros | ||
| 930 | |a Colección General | ||
| 940 | |a Literatura | ||
| 905 | |a 101 | ||
| 901 | |a 0500340953 |b IT1 |c LIT |i C169827 |u 20250521 | ||
| 902 | |a https://opac.biblio.iteso.mx/vufind/Record/000424636 | ||